Dandy's World Trinkets - Statistics

General Stats
  • This quiz has been taken 1,220 times
  • The average score is 16 of 38
Answer Stats
Hint Answer % Correct
Twisted Research Dandy Plush/DandyPlush/Plush
69%
Twisted Research Dog Plush/DogPlush/Plush
68%
Twisted Research Pink Bow/PinkBow/Bow
68%
Twisted Research Vee's Remote/Vee'sRemote/Vees Remote/VeesRemote/Vee Remote/VeeRemote/Veemote/Remote
68%
Twisted Research Blue Bandana/BlueBandana/Bandana
57%
Twisted Research Lucky Coin/LuckyCoin/Coin
57%
Twisted Research Bone
55%
Twisted Research Sweet Charm/SweetCharm
54%
Twisted Research Savory Charm/SavoryCharm
53%
Twisted Research Participation Award/ParticipationAward/Award
52%
Purchasable Speedy Shoes/SpeedyShoes/Shoes
52%
Twisted Research Brick
51%
Twisted Research Fancy Purse/FancyPurse
48%
Twisted Research Night Cap/NightCap/Cap
48%
Freebie Blushy Bat/BlushyBat/Bat
47%
Twisted Research Clown Horn/ClownHorn/Horn
46%
Twisted Research Magnifying Glass/MagnifyingGlass/Mag Glass/MagGlass
46%
Purchasable Pull Toy/PullToy/Toy
45%
Purchasable Coin Purse/Purse/CoinPurse
44%
Twisted Research Friendship Bracelet/FriendshipBracelet/Bracelet
42%
Twisted Research Diary
39%
Purchasable Water Cooler/WaterCooler/Cooler
38%
Twisted Research Ribbon Spool/RibbonSpool/Spool
37%
Twisted Research Vanity Mirror/VanityMirror/Vanity
37%
Twisted Research Ghost Snakes In A Can/GhostSnakesInACan/GSIAC/Can
36%
Purchasable Wrench
36%
Purchasable Alarm
35%
Twisted Research Fishing Rod/FishingRod/Rod
35%
Twisted Research Feather Duster/FeatherDuster/Duster
34%
Purchasable Pop Pack/PopPack/Pack/Pop
34%
Twisted Research Crayon Set/CrayonSet/Set
33%
Purchasable Cardboard 'Armor'/Cardboard'Armor'/CardboardArmor/Armor/Cardboard
30%
Purchasable Thinking Cap/ThinkingCap
30%
Twisted Research Spare Bulb/SpareBulb/Bulb
24%
Purchasable Machine Manual/MachineManual/Manual
23%
Purchasable Megaphone
23%
Purchasable Thermos
23%
Purchasable Speedometer
22%
No matching quizzes found
Score Distribution
Percent of People with Each Score
Percentile by Number Answered
Your Score History
You have not taken this quiz